| 000 | 00764nam a22002413 4500 | ||
|---|---|---|---|
| 001 | 22981 | ||
| 003 | bd-rjul | ||
| 005 | 20211209000858.0 | ||
| 008 | 140309s19511881enk 000 0 | ||
| 035 | _a(OCoLC)6562652 | ||
| 035 | _aCD-0000895859 | ||
| 040 |
_aBD-RjUL23046 _beng _cBD-RjUL |
||
| 041 | _aeng | ||
| 082 |
_a823 _bTRW 1953 |
||
| 100 | 1 |
_aTrollope, Anthony. _970874 |
|
| 245 | 1 | 0 |
_aDr. Wortle's school / _cAnthony Trollope |
| 260 |
_aLondon : _c[c1881] reprinting 1953 _boxford university press, |
||
| 300 |
_a273 p. ; _b14 cm. |
||
| 690 | 0 | 0 |
_aEnglish literature _xFiction _xMiscellaneous _2pre20 _943 |
| 752 |
_aEngland _dLondon |
||
| 856 | 4 | 1 |
_3Bodleian Library (OC) 251 h.316 _uhttp://purl.ox.ac.uk/uuid/b4b6f27eba344f68abdde3242b5aaa3a |
| 942 |
_2ddc _cBK |
||
| 999 |
_c22981 _d22981 |
||